G.D. Birla : (Record no. 129805)
[ view plain ]
| 000 -LEADER | |
|---|---|
| fixed length control field | 00796nam a22002537a 4500 |
| 003 - CONTROL NUMBER IDENTIFIER | |
| control field | dpl |
| 005 - DATE AND TIME OF LATEST TRANSACTION | |
| control field | 20180522160131.0 |
| 008 - FIXED-LENGTH DATA ELEMENTS--GENERAL INFORMATION | |
| fixed length control field | 180522b xxu||||| |||| 00| 0 eng d |
| 010 ## - LIBRARY OF CONGRESS CONTROL NUMBER | |
| LC control number | B-011962 |
| 020 ## - INTERNATIONAL STANDARD BOOK NUMBER | |
| Terms of availability | 400.00 |
| 035 ## - SYSTEM CONTROL NUMBER | |
| System control number | B-011962, B-11967 |
| 037 ## - SOURCE OF ACQUISITION | |
| Source of stock number/acquisition | Cen Lib/Ret |
| 040 ## - CATALOGING SOURCE | |
| Original cataloging agency | DPL |
| Language of cataloging | EN |
| Transcribing agency | 0 |
| 082 ## - DEWEY DECIMAL CLASSIFICATION NUMBER | |
| Classification number | 921 |
| Item number | JUN |
| 100 ## - MAIN ENTRY--PERSONAL NAME | |
| Personal name | Juneja, M. M. |
| 9 (RLIN) | 16988 |
| 245 ## - TITLE STATEMENT | |
| Title | G.D. Birla : |
| Statement of responsibility, etc | by M. M. Juneja |
| Remainder of title | life and legacy / |
| 260 ## - PUBLICATION, DISTRIBUTION, ETC. (IMPRINT) | |
| Place of publication, distribution, etc | Hisar |
| Name of publisher, distributor, etc | Modern Publishers |
| Date of publication, distribution, etc | 2000 |
| 270 ## - ADDRESS | |
| Address | 12227-P, Urban Estate-II |
| City | Haryana |
| Postal code | 125005 |
| 300 ## - PHYSICAL DESCRIPTION | |
| Extent | 328p. : |
| Dimensions | 21cm(Hb) |
| Other physical details | ill. |
| 500 ## - GENERAL NOTE | |
| General note | Includes bibliography and index |
| 650 ## - SUBJECT ADDED ENTRY--TOPICAL TERM | |
| Topical term or geographic name as entry element | Birlā, Ghanaśyāmadāsa, -- 1894-1983 |
| 9 (RLIN) | 27450 |
| 650 ## - SUBJECT ADDED ENTRY--TOPICAL TERM | |
| Topical term or geographic name as entry element | Industrialists -- India -- Biography |
| 9 (RLIN) | 105683 |
| 942 ## - ADDED ENTRY ELEMENTS (KOHA) | |
| Source of classification or shelving scheme | Dewey Decimal Classification |
| Koha item type | English Books |
| Classification part | 921 |
| Call number suffix | JUN |
| Withdrawn status | Lost status | Damaged status | Not for loan | Home library | Current library | Date acquired | Source of acquisition | Cost, normal purchase price | Total Checkouts | Full call number | Barcode | Date last seen | Copy number | Cost, replacement price | Price effective from | Koha item type | Collection code | Source of classification or shelving scheme |
|---|---|---|---|---|---|---|---|---|---|---|---|---|---|---|---|---|---|---|
| Central Library | Central Library | 07/07/2015 | Cen Lib/Ret | 400.00 | 921 JUN | B-011962 | 07/07/2015 | 1 | 400.00 | 07/07/2015 | English Books | |||||||
| Not For Loan | Central Library | Central Library | 28/07/2015 | Cen Lib/Ret | 400.00 | 921 JUN | B-011963 | 28/07/2015 | 1 | 400.00 | 28/07/2015 | English Books | Reference | |||||
| Shahdara Branch | Shahdara Branch | 22/05/2018 | BPPD/PUB | 400.00 | 921 JUN | B-11967 | 22/05/2018 | 400.00 | 22/05/2018 | English Books | Non-fiction | Dewey Decimal Classification |
